MDQL
is popping MORE tags! Check the
thread
!
Quizzes
Events
Quiz Creation
Community
Videos
Private Events
Remove Ads
Sign In
Join for FREE
Feedback
Dark Mode
Quiz Categories
Sports
Geography
Music
Movies
Television
Just For Fun
Miscellaneous
History
Literature
Language
Science
Gaming
Entertainment
Religion
Holiday
For Kids
Quiz Lab
Recent
Popular Today
Quiz Kudos Today
Editor Picks
Curator Picks
Quizzes by...
Day
Popularity
Type
Ratings
Length
Year
Community
Subscriptions
Recent Discussions
Orange Saloon
Badges
Playlists
Quests
Create
Leaderboards
Showdown
Live 5
Trivia Bingo
Activity
Puzzle Library
Sporcle Events
Private Events
Virtual Trivia
Globe League
Become a Host
Pub Owners
SporcleCon
Opinionation
Our Games
Videos
Blog
Mobile Apps
Partnerships
Remove Ads and Go Orange
Feedback
Television
TV Characters
TV Show
Sitcom
Network
Friends
Reality Shows
Cast
South Park
Star Trek
The Simpsons
Doctor Who
Television
TV Characters
TV Show
Sitcom
Network
Friends
Reality Shows
Cast
South Park
Star Trek
The Simpsons
Doctor Who
Random Quiz
Search Sporcle
×
Quiz Lab
Quiz Lab
Television
Reality Shows
Type in answers that appear in a list
Type in answers that appear in a list
Classic
Best Score? Go Orange.
Reality Show by Character Stats
Can you name the Reality Show by Character?
By
krh5038
5m
24 Questions
40 Plays
40 Plays
40 Plays
Comments
Comments
Give Quiz Kudos
Give Quiz Kudos
-
- Ratings
hide this ad
More Info
Replay
Link that replays current quiz
Next Quiz
Link to next quiz in quiz playlist
You Got
0%
They Got
Avg Score
42%
Avg Friend Score
Upgrade to see
Score Distribution
Jump to the score distribution portion of the page
Score
0/24
Timer
05:00
0
Plays Today
Character
Show
% Correct
Richard Hatch, Boston Rob
Survivor
77.5%
Tyra Banks, Nigel Barker
America's Next Top Model
75%
Ivanka Trump, Joan Rivers, Bret Micahels
The Apprentice
72.5%
Heidi Klum, Tim Gunn
Project Runway
70%
Lauren Conrad, Whitney Port
The Hills
67.5%
Ashton Kutcher
Punk'd
62.5%
Kendra Wilkinson, Holly Madison
The Girls Next Door
57.5%
Eric Nies, Mike 'The Miz' Mizanin
The Real World
52.5%
Trista Rehn, DeAnna Pappas
The Bachelorette
50%
Paris Hilton, Nicole Richie
The Simple Life
45%
NeNe Leakes, Kim Zolciak
The Real Housewives of Atlanta
45%
Paul Teutul Sr., Paul Teutul Jr.
American Chopper
42.5%
Character
Show
% Correct
Stacy London, Clinton Kelly
What Not To Wear
42.5%
Bobby Flay, Cat Cora
Iron Chef America
37.5%
Jo Frost, Various families
Supernanny
30%
Jamie Hyneman, Adam Savage
MythBusters
27.5%
Duane Chapman, Beth Chapman
Dog the Bounty Hunter
27.5%
Bill Bellamy, Ant
Last Comic Standing
25%
Rick Harrison, Chumlee
Pawn Stars
22.5%
Chris Hansen
To Catch a Predator
20%
Berry White, Dave Hester
Storage Wars (Yuuuup!)
17.5%
Kody Brown, Meri Brown
Sister Wives
17.5%
David Tutera
My Fair Wedding With David Tutera
12.5%
Ami James, Tim Hendricks
NY Ink
12.5%
Quiz Playlist
Details
Report
Send in Message
Add To Playlist
More Info:
Hints could be a character, host, or well-known former contestant of the show. All shows are at least partly based in the US.
Classic:
Type in answers that appear in a list
Quiz Source
Last Updated: Feb 16, 2017
Quiz Scoreboard
CHALLENGE
Sign Up to Join the Scoreboard
Show All
Scores
Hide
Comments
May contain spoilers
Recently Published
Street Fighter Characters
by Artimus82
Gaming
60s
9x9 Crossword: Cartoon Network
by jackfrog10
Miscellaneous
3m
College Basketball Coaching Resumes
by pancakes188
Sports
9m
More to Explore
Quiz From the Vault
Featured Blog Post
Where Did the Easter Bunny Come From?
hide this ad
You Might Also Like...
Tags
Reality Shows Quiz
TV Show Quiz
Today's Top Quizzes in Television
Browse Television
hide this ad
Today's Top Quizzes in Reality Shows
Browse Reality Shows
Top Contributed Quizzes in Television
1
5-to-1: The Simpsons Families
2
Adjectives in 80s TV Shows
3
Adjectives in 00s TV Shows
4
Survivor Journey Challenge
5
5-to-1: Television Doctors
6
7-to-1: TV Show Settings
7
Adjectives in 10s TV Shows
8
5-to-1: Streaming Originals
9
Survivor Seasons
10
Adjectives in 70s TV Shows
Explore More
Trending Topics
NBA
Marvel
Harry Potter
Anime
Disney
Kpop
Crossword
Song
Puzzle
NFL
Country
The Office
Soccer
WWE
Pokémon
hide this ad
More By:
krh5038
Quiz
Plays
Rating
Category
Featured
Created
Diff'rent Strokes Lyrics
573
5.00
Television
Feb 14, 2012
TV's Ditzy Characters
386
3.25
Television
Feb 27, 2012
Debt by State
95
3.67
Miscellaneous
Feb 5, 2012
Random Categories By Number
63
Just For Fun
Mar 4, 2012
Reality Show by Character
40
Television
Jan 17, 2012
Go to Creator's Profile
Score Distribution
Quiz Creator Spotlight
krh5038
Follow
Send a Message
Quizzes Created
-
Created Quiz Play Count
-
More By This Creator
Popular Quizzes Today
1
Find the US States - No Outlines Minefield
2
Find the Countries of Europe - No Outlines Minefield
3
The Countries of the World
4
Find the US States
5
Risky Map Clicking: Biggest States A-Z
6
US States
7
Popular People in 1961
8
Movies - When Are They Set?
More Television Quizzes
SNL - Bill Hader Impressions
Published
Trending Quizzes
Risky Map Clicking: Least Populous States A-Z
Countries of the World: 200 Million BC
Billboard Blitz: Aretha Franklin
1-10 Letter G Words
Famous Russians: Author or Composer?
Recently Updated
Leaping Animals
pecheneg
Reality TV Shows (A-Z)
bhenderson79
Rickey Henderson's Hall of Fame Teammates
pecheneg
Champions League XIs: Arsenal
pecheneg
Quick Pick: Celebrities in WWE's Hall of Fame
aduchscher
A-Z Keypad Blitz II
pecheneg
Multiple Oscar Actors
pecheneg
Mystery Phrase Blitz: Oscar 'Best Actors'
pecheneg
F. Scott Fitzgerald Novels
LTH
Pick 3 Villains
ddd62291
Trending Topics
Marvel
Harry Potter
Crossword
Kpop
Anime
NBA
Disney
Soccer
WWE
Song
Pokémon
Country
The Office
Puzzle
NFL
Your Account Isn't Verified!
In order to create a playlist on Sporcle, you need to verify the email address you used during registration. Go to your
Sporcle Settings
to finish the process.
Report this User
Report this user for behavior that violates our
Community Guidelines
.
Details:
Send Report
Go to the Sporcle.com Mobile Site →
Comments